000
00335nam a2200145Ia 4500
008
230718s9999 xx 000 0 und d
041
_a
Eng.
082
_a
338.57
_b
آغا-د
100
_a
آغا البر حسین
245
0
_a
درویشی
260
_a
Pakistan
_b
Classic Ro
_c
2006
300
_a
162
650
_a
Law
999
_c
29244
_d
29244